Internetový stetoskop

Práca marketingového oddelenia v banke alebo v poisťovni. Webová analytika ako nástroj, ktorý dokáže v obrovskom objeme dát nájsť správne súvislosti. Produktový manažment a ponuka webovej analytiky.

Enregistré dans:
Détails bibliographiques
Auteur principal: Sejk, Vratislav
Format: Chapitre de livre
Langue:tchèque
Sujets:
Tags: Ajouter un tag
Pas de tags, Soyez le premier à ajouter un tag!

MARC

LEADER 00000naa a2200000 4500
001 0136426
005 20231129094406.7
041 0 |a cze 
044 |a CZ 
245 1 0 |a Internetový stetoskop  |c Vratislav Sejk 
520 |a Práca marketingového oddelenia v banke alebo v poisťovni. Webová analytika ako nástroj, ktorý dokáže v obrovskom objeme dát nájsť správne súvislosti. Produktový manažment a ponuka webovej analytiky. 
610 2 0 |a banky 
610 2 0 |a poisťovne 
610 2 0 |a bankovníctvo 
610 2 0 |a bankovníctvo elektronické 
610 2 0 |a internetbanking 
610 2 0 |a nástroje bankové 
610 2 0 |a služby bankové 
610 2 0 |a komunikácia elektronická 
610 2 0 |a siete počítačové 
610 2 0 |a dáta 
100 1 |a Sejk, Vratislav